[Event "Norway Chess 3rd"]
[Site "Stavanger"]
[Date "2015.06.21"]
[Round "5"]
[White "Hammer, Jon Ludvig"]
[Black "Topalov, Veselin"]
[Result "0-1"]
[WhiteElo "2677"]
[BlackElo "2798"]
[Annotator "Roiz,M"]
[PlyCount "148"]
[EventDate "2015.06.16"]
[EventType "tourn"]
[EventRounds "9"]
[EventCountry "NOR"]
[EventCategory "22"]
[SourceTitle "CBM 167"]
[Source "ChessBase"]
[SourceDate "2015.07.13"]
[SourceVersion "1"]
[SourceVersionDate "2015.07.13"]
[SourceQuality "1"]

1. d4 {[%mdl 4096]} d5 2. c4 c6 3. Nf3 Nf6 4. e3 {Topalov has a rich
experience in this system. For instance, he used it with White in the World
Championship match against Vladimir Kramnik.} Bf5 5. Nc3 e6 6. Nh4 Bg6 {
The most solid choice.} ({Provoking the f2-f3 advance by means of} 6... Be4 7.
f3 Bg6 {is somewhat more ambitious, but risky continuation.}) 7. Nxg6 hxg6 8.
Bd2 Nbd7 9. Qc2 {This setup is usually connected with q-side castling and
offers a complex battle.} a6 {This move is a standard preparation of q-side
activity.} ({After} 9... Rc8 10. O-O-O b5 (10... c5 11. cxd5 exd5 12. Kb1 $14)
11. c5 {White may claim for something of an edge, since} Ng4 12. Be1 Rxh2 13.
Rxh2 Nxh2 14. Be2 {looks rather dangerous for Black.}) ({After} 9... Be7 {
White should switch to a quiet way of development:} 10. Be2 (10. O-O-O {
offers nothing now:} Nb6 11. cxd5 cxd5 12. Kb1 Rc8 $11) 10... dxc4 11. Bxc4 O-O
12. O-O c5 13. dxc5 Nxc5 14. Rfd1 Rc8 15. Be2 $14) ({The most natural looks to
be} 9... Bd6 10. g3 dxc4 (10... Qe7 11. c5 Bc7 12. Bg2 e5 13. O-O O-O 14. b4
$14) (10... O-O) 11. Bxc4 Qe7 12. Be2 e5 {with a long strategic battle, where
White's bishops offer White some edge.}) 10. O-O-O $146 {This brave move is a
novelty.} ({Another logical way of handling the position was} 10. c5 $5 Qc7 11.
g3 e5 12. Bg2 Be7 13. O-O O-O 14. b4 $14 {Black faces some problems with
creating counterplay, since the b7-b6 advance would allow White to take
control over the c5-spot.}) ({At the same time, the previously played} 10. Bd3
dxc4 (10... b5 11. c5 Ng4 12. h3 $14 {1/2 -1/2 Schlosser,P(2550) - Hertneck,G
(2525)/Bayern-chI Bank Hofmann 1st 1997}) 11. Bxc4 c5 12. dxc5 Bxc5 13. Be2 Rc8
{was comfortable for Black in 1/2-1/2 Ding,Liren (2458) - Zhao Jun (2560)/
Beijing zt 2009}) 10... Be7 (10... Rc8 $5 11. c5 (11. Kb1 dxc4 12. Bxc4 b5 13.
Be2 c5 $132) 11... b6 12. Bxa6 Rb8 13. cxb6 Qxb6 14. Be2 c5 $44) 11. Kb1 Qc7
12. h3 (12. g3 dxc4 (12... O-O 13. e4 Nxe4 14. Nxe4 dxe4 15. Qxe4 Rfd8 16. Qc2
$14) 13. Bxc4 c5 14. Be2 Rc8 $132) 12... Rd8 ({The following possibility looks
most principled:} 12... dxc4 13. Bxc4 c5 {and White has to enter into an
extremely wild position in order to fight for the initiative:} 14. d5 Nb6 15.
dxe6 Nxc4 16. Qa4+ b5 17. Nxb5 axb5 18. Qxa8+ Bd8 $132) 13. c5 {Obviously, the
Rd8 has not much of a job in the centre, so this move definitely makes sense.}
e5 (13... b6 14. cxb6 Qxb6 15. Rc1 Rc8 16. Qd3 O-O) 14. f4 (14. Bd3 $5 {
deserved serious attention:} O-O 15. Na4 (15. g4 $5 {is also interesting.})
15... Rfe8 16. Rhe1 e4 17. Bf1 $14 {White is better prepared for the resulting
''French pawn structure''}) 14... exd4 15. exd4 Nh5 $1 {That concrete approach
is definitely the best here. White's setup isn't completed, so protecting the
Pf4 is not an easy task.} (15... O-O 16. Bd3 b6 17. Rhe1 Rfe8 18. cxb6 Qxb6 19.
f5 gxf5 20. Bxf5 Qxd4 21. g4 {offers White excellent compensation for a
missing pawn.}) 16. Ne2 ({After} 16. Re1 Ng3 (16... Nxf4 $6 {is too risky:} 17.
g3 Ne6 18. Rxe6 fxe6 19. Qxg6+ Kf8 20. h4 $36) 17. Rg1 Kf8 18. Bd3 Bf6 19. Be3
Re8 $132 {Black gets control over central squares, so the position is balanced.
}) 16... Nhf6 17. Nc3 Nh5 {Topalov's tournament situation was excellent, so he
had no reasons for avoiding a draw by repetition here.} 18. Ne2 Nhf6 19. Ng3
Ng8 $2 {Quite a strange decision - White gets a serious development advantage
now.} ({A much better way was} 19... b6 $1 20. cxb6 Qxb6 21. Re1 Kf8 $132) 20.
Bd3 f5 ({Unfortunately, there is no time for manoeuvres:} 20... Bf6 21. Ne2 Ne7
22. h4 $1 Nf5 23. h5 Nxd4 24. Nxd4 Bxd4 25. hxg6 Rxh1 26. Rxh1 Nxc5 27. gxf7+
Kxf7 28. Bg6+ $18) 21. Nxf5 $6 {This tempting piece sac seems somewhat
premature.} ({The precise} 21. Rhe1 $1 {would punish Black for his careless
waste of time:} Kf7 (21... Ngf6 22. Nxf5 gxf5 23. Bxf5 Nf8 24. g4 $16) 22. Nf1
$1 (22. Nxf5 {is less clear:} gxf5 23. Bxf5 Nf8) 22... Ngf6 23. g4 Ne4 24. Ne3
$16) 21... gxf5 22. Bxf5 Ndf6 $6 {Returning the favour.} ({Black had a great
chance to regroup the minor pieces by means of} 22... Bf6 $1 23. g4 Ne7 24. g5
({After} 24. Rhe1 Kf8 25. Re2 Nxf5 26. Qxf5 Re8 27. Rde1 Rxe2 28. Rxe2 Nb8 $1
29. g5 Qd7 30. Qxd7 Nxd7 31. gxf6 Nxf6 $11 {Black has full positional
compensation for a pawn}) 24... Bxd4 25. Rhe1 Kf8 $132) 23. Bg6+ Kf8 24. g4 Ne4
{Of course, Veselin is ready to give up some material in order to consolidate.}
25. g5 $1 {[%csl Re7,Rf8,Rg8] Despite the material advantage, Black's position
is rather passive and unpleasant now.} Rh4 $2 (25... b6 {didn't offer Black
any counterplay:} 26. h4 bxc5 27. dxc5 $16) ({Topalov's task was tough, but
the correct} 25... Re8 $1 {would allow Black to regroup the pieces and
consolidate:} 26. h4 Bd8 27. Bxe8 Kxe8 28. h5 Ne7 $132) 26. Bc1 {A natural
move - the bishop has found a safe square, while the queen is getting useful
along the 2nd rank.} ({However, a much more energetic and stronger option was} 
26. Be1 $1 Rh8 {the lesser evil} (26... Rxf4 $2 {gives White a decisive attack
after} 27. h4 b6 28. Bd2 Nxd2+ 29. Qxd2 bxc5 30. Rhf1 $18) 27. h4 $16) 26...
Qd7 27. Qg2 b6 $1 {Black's position still looks dangerous, but Topalov finds a
way to develop counterplay.} 28. cxb6 ({Possibly,} 28. Bxe4 $5 {was better
from the practical point of view. For instance, after} dxe4 29. f5 bxc5 30. Qg3
Rh8 31. dxc5 Qxd1 32. Rxd1 Rxd1 $132 {White's position looks somewhat safer.})
28... Bd6 (28... Rb8 29. Bxe4 dxe4 30. d5 cxd5 31. f5 $44) 29. Bxe4 dxe4 30. d5
{Jon Ludvig's play is very natural. The Kf8 is in permanent danger, but
Black's pieces are much more active than before.} Ne7 (30... cxd5 $5 {deserved
serious attention:} 31. Rxd5 Ne7 {and it looks like White must play precisely
in order to keep the balance:} 32. Rd4 Rb8 (32... Nf5 33. Rxe4 Qc6 34. Rhe1
Qxb6 35. Re6 $44) 33. Rhd1 Rxb6 34. g6 $1 Rxh3 35. Rxd6 Rxd6 36. Rxd6 Qxd6 37.
Qxh3 Qxg6 38. Qe3 $11) 31. dxc6 Qxc6 32. Rhe1 Qxb6 (32... Rb8 33. Qxe4 Qxe4+
34. Rxe4 Rxb6 35. Re6 Bc5 36. Rxb6 Bxb6 37. Rd6 {led to a drawish endgame.})
33. Qxe4 {The resulting position is approximately equal - White has sufficient
compensation for a piece, but not more.} Bc5 34. Rxd8+ Qxd8 35. Qc4 Qd4 36.
Qxa6 {Correctly deviating from an exchange - the vulnerablity of Black's
monarch causes problems here.} g6 $6 {Inviting some troubles.} ({The most
natural} 36... Rxh3 37. a4 Qd3+ 38. Qxd3 Rxd3 {led to an endgame, where the
draw looks unavoidable.}) 37. Re5 $1 Qd6 38. Qa8+ Kg7 39. Qf3 ({Hammer could
have posed Black more problems by means of:} 39. Qe4 $1 Rxh3 40. a4 Rg3 41. a5
$14 {the a-passer is quite annoying.}) 39... Bd4 40. Re2 Qd7 41. Qd3 {White
has 4 pawns for a piece, but the activity of Black's pieces cannot be
underestimated.} Nc6 (41... Nf5 42. Rc2 Rh8 43. a4 Ra8 (43... Qxa4 $2 44. Rc7+
Kf8 45. Qe4 $18) 44. b3 $14) 42. Rh2 $6 ({More in the spirit of White's
previous play was} 42. Rc2 Nb4 43. Rc7 Qxc7 44. Qxd4+ Kf7 45. Qxb4 Rxh3 46. Qe4
$14 {keeping some edge, though it would be very difficult to advance the
passers.}) 42... Nb4 $1 43. Qc4 (43. Qe4 Qf5 44. Qxf5 gxf5 45. a4 Nd5 46. a5
Nxf4 47. Bxf4 Rxf4 48. Kc2 $11) 43... Rxh3 {Now Topalov is no longer facing
any risk.} 44. Rd2 (44. Rxh3 {was safer:} Qf5+ 45. Rd3 Qxd3+ 46. Qxd3 Nxd3 47.
Bd2 Nxb2 48. Kc2 Na4 49. Kd3 Bg1 50. Ke4 Nc5+ 51. Ke5 $11 {and Black cannot
avoid the exchange of Pg6.}) 44... Qf5+ 45. Ka1 Bc5 $1 {Now White is under
pressure, though the position is still equal.} 46. a3 Nd3 47. Rd1 Nxc1 48. Rxc1
Bf8 49. Qd4+ Kg8 50. Rc7 $1 ({Correctly rejecting} 50. Qc4+ Qf7 51. Qxf7+ Kxf7
$15) 50... Qe6 51. Qc4 Qxc4 52. Rxc4 Kf7 53. a4 Rb3 (53... Ke6 54. a5 Bd6 55.
a6 Rh7 56. Ra4 Ra7 57. Kb1 $11) 54. a5 {The strong a-passer doesn't yield
Black much time for attacking the other pawns.} Rb5 55. Ra4 Bg7 56. Ra2 {
This awkward move is the only way to protect the pawn.} (56. Kb1 {was also
possible:} Rxb2+ 57. Kc1 Rb8 58. a6 $11) 56... Bd4 57. Ra4 Bxb2+ 58. Ka2 Bc1
59. a6 Rb2+ 60. Ka1 Rb8 61. Rc4 Be3 62. Rc7+ Kg8 (62... Ke6 63. Rc6+ Kd5 64.
Rxg6 $11) 63. Rc6 Bd4+ 64. Ka2 Kf7 {Black is pushing for a win, but his
resources are limited.} 65. Rd6 Bc3 66. Rc6 Bh8 67. Ka3 Bd4 68. Ka4 Rf8 ({
Black could have tried} 68... Rb6 $5 69. a7 Rb1 70. Rd6 Bxa7 71. Rf6+ Kg7 72.
f5 {White manages to swap the pawns, but there was still some theoretical
chance.}) 69. Kb5 Kg7 70. Rc7+ Rf7 71. Rxf7+ Kxf7 72. Kc4 Ba7 73. Kd5 Ke7 74.
Kc6 $4 {GM Hammer definitely doesn't deserve a loss in this game. Alas, this
terrible blunder immediately spoils half a point.} (74. f5 gxf5 75. Ke5 $11) (
74. Ke5 Bb8+ 75. Kd5 $11) 74... Ke6 (74... Ke6 75. Kb7 Be3 76. a7 Bxa7 77. Kxa7
Kf5 $19) 0-1

[Event "FIDE World Cup"]
[Site "Baku"]
[Date "2015.09.19"]
[Round "3.3"]
[White "Topalov, Veselin"]
[Black "Lu, Shanglei"]
[Result "1-0"]
[WhiteElo "2813"]
[BlackElo "2599"]
[Annotator "CB"]
[PlyCount "51"]
[EventDate "2015.09.11"]
[EventType "k.o."]
[EventRounds "7"]
[EventCountry "AZE"]
[SourceTitle "CBM 169"]
[Source "ChessBase"]
[SourceDate "2015.11.10"]
[SourceVersion "1"]
[SourceVersionDate "2015.11.10"]
[SourceQuality "1"]

1. e4 c5 2. Nf3 d6 3. d4 cxd4 4. Nxd4 Nf6 5. Nc3 a6 {Täuscht die
Najdorf-Variante an.} 6. Be2 g6 {Und nach dem kleinen 6.Le2 doch Drachen.} 7.
Be3 Bg7 8. Qd2 {Topalov bereitet aber nun doch die lange Rochade vor. Im
Unterschied zur ähnlichen Position in der richtigen Drachenvariante hat Weiß
Le2, Schwarz a6 eingeschoben.} Nc6 9. f3 d5 {Kommt etwas früh.} (9... O-O 10.
O-O-O d5) 10. exd5 Nxd5 11. Nxc6 bxc6 12. Bd4 Bxd4 {Mit dem Tausch des Lg7
verliert der Drachen stets viel Gift.} 13. Qxd4 O-O 14. O-O-O Be6 15. Qc5 Qb8
16. g3 a5 17. Na4 Rd8 ({Hier ging} 17... Nf4 {mit der Absicht.} 18. gxf4 (18.
Bc4 Bxc4 19. Qxc4 Nd5 $11) 18... Qxf4+ 19. Kb1 Qxa4 $17) 18. a3 (18. c4 Nb4 19.
a3 Na2+ 20. Kb1 Qb3 $11) 18... h5 19. Rd2 Qc7 20. Rhd1 h4 21. f4 {[#]} Rab8 $2
22. c4 $18 Nf6 (22... hxg3 {reicht nicht:} 23. cxd5 gxh2 24. dxe6 Rxd2 25.
exf7+ Kxf7 26. Kxd2 Rd8+ 27. Bd3 Qxf4+ 28. Qe3 Qxa4 29. Rf1+ $19) 23. Qe5 Rdc8
({Nun scheitert} 23... Qxe5 {am Zwischenzug.} 24. Rxd8+) 24. Nc5 {Auf a6 gibt
es noch ein Problem.} Bf5 25. Qxc7 Rxc7 26. Na6 1-0

[Event "EU-Cup 31st"]
[Site "Skopje"]
[Date "2015.10.23"]
[Round "6.1"]
[White "Topalov, Veselin"]
[Black "Wojtaszek, Radoslaw"]
[Result "1-0"]
[WhiteElo "2813"]
[BlackElo "2734"]
[Annotator "Szabo,Kr"]
[PlyCount "83"]
[EventDate "2015.10.18"]
[EventType "team-swiss"]
[EventRounds "7"]
[EventCountry "MKD"]
[SourceTitle "CBM 169"]
[Source "ChessBase"]
[SourceDate "2015.11.10"]
[SourceVersion "1"]
[SourceVersionDate "2015.11.10"]
[SourceQuality "1"]
[WhiteTeam "Socar"]
[BlackTeam "Novy Bor"]
[WhiteTeamCountry "AZE"]
[BlackTeamCountry "CZE"]

1. e4 c5 2. Nf3 d6 3. d4 cxd4 4. Nxd4 Nf6 5. Nc3 a6 6. Be3 e5 7. Nb3 Be6 8. f3
h5 9. Nd5 Bxd5 10. exd5 Nbd7 11. Qd2 g6 12. O-O-O ({Last year Topalov chose} 
12. Be2 Qc7 13. Rc1 Ng8 $5 14. O-O Ne7 15. Bg5 $1 f6 16. Be3 O-O-O 17. c4 Nf5
18. Bf2 $1 Kb8 19. Qc3 Bh6 20. Rcd1 $36 {Topalov-Dominguez Perez, Tromso ol
2014, and White had a nice position.}) 12... Nb6 {Topalov was the first to
play this move with Black in 2008 against Anand.} 13. Qa5 ({Two month ago
Grischuk played} 13. Kb1 {against Topalov,} Nbxd5 14. Bg5 Be7 15. Na5 Rb8 16.
Bc4 Nb6 17. Bxf6 Bxf6 18. Qxd6 Qxd6 19. Rxd6 Bd8 20. Rd3 Bc7 21. Bb3 Ke7 22.
Rhd1 Rhd8 $11 {Grischuk-Topalov, Saint Louis 2015, with an equal endgame.})
13... Bh6 {This is the point!} 14. Bxh6 Rxh6 15. g3 (15. Kb1 Rc8 (15... Kf8 $5)
16. Qb4 Kf8 17. c4 Kg7 18. g3 Rh8 19. Rc1 Qc7 20. Bh3 Rce8 21. Rhd1 Re7 22. a3
Rd8 23. Nd2 Nbd7 (23... e4 $5) 24. Qc3 a5 25. Bxd7 Nxd7 26. f4 $14 {
Anand-Topalov, Wijk aan Zee 2008, and White had a comfortable position.}) 15...
Kf8 16. Kb1 Kg7 17. Be2 $146 {A novelty by Topalov.} (17. f4 {was tried in a
correspondence game,} h4 18. fxe5 dxe5 19. d6 Nbd7 20. Bg2 Qxa5 21. Nxa5 e4 22.
Nxb7 Rh5 23. c4 Rb8 24. c5 Nxc5 25. Nxc5 Rxc5 $11 {Bell-Ísólfsson, ICCF 2014,
with an equal endgame.}) 17... Rh8 18. c4 Rc8 19. Rc1 Nfd7 20. Rhd1 Rc7 ({
In the event of} 20... h4 21. g4) ({or} 20... Nc5 21. Nd2 Nbd7 22. Qa3 $13 {
with an unclear position.} (22. Qxd8 Rhxd8 23. b4 Na4 $11)) (20... Re8 $5) 21.
Qa3 $1 {A very nice move by Topalov; now the d6-P is under pressure and it is
not easy to protect.} Nc8 22. Nd2 (22. c5 $6 {is too early, as} Nxc5 23. Nxc5
dxc5 24. Rxc5 Rxc5 25. Qxc5 Nd6 {and Black has a great blockade on d6.}) 22...
Nf6 (22... f5 $5) 23. h3 $1 Re7 24. g4 hxg4 25. fxg4 (25. hxg4 $6 {could have
been met by} Rh2 $132) 25... e4 26. g5 Nd7 27. Bg4 e3 28. Qc3+ Kg8 (28... Kh7
$5 {was an interesting alternative.}) 29. Nf3 Ne5 30. Nxe5 Rxe5 31. Re1 ({
Probably} 31. c5 $1 {was stronger} Ne7 (31... e2 32. Re1 Rxd5 33. c6 $1 bxc6
34. Qf6 $1 Qxf6 35. gxf6 Na7 36. Rxe2 $16 {and White is better.}) 32. c6 Qc7
33. Qa3 $36 {and White has a dangerous initiative.}) 31... Nb6 32. Qd4 $1 Nd7
33. Rc3 e2 34. Rc2 Rxg5 $6 {A dubious move, which gives up the important
e-file.} (34... b5 {was more accurate} 35. cxb5 axb5 36. Rcxe2 Rxe2 37. Rxe2
Ne5 38. Qf4 $14 {and White is slightly better.}) 35. Bxd7 $1 {Otherwise ...Ne5.
} Qxd7 36. Rcxe2 Kh7 37. a3 $1 {A very strong and deep move. White opens an
airhole in his back rank and now he is ready for action!} ({The immediate} 37.
Re7 {could have been met by} Qf5+ 38. Ka1 b5 {.}) 37... b5 $2 {Loses
immediately, but Black's position was already difficult.} (37... Rf8 {was
tougher, but} 38. Re7 Qxh3 39. Rxb7 $16 {and White's chances are much better.})
38. Re7 $1 $18 {The best move, White's pieces are very active, Black has no
hope left.} Qf5+ 39. Ka2 Rg8 40. Re8 Qd7 41. R8e7 Qf5 42. R1e4 1-0

[Event "Festa da Uva quad"]
[Site "Caxias do Sul"]
[Date "2016.02.??"]
[Round "3"]
[White "Mekhitarian, Krikor Sevag"]
[Black "Topalov, Veselin"]
[Result "0-1"]
[WhiteElo "2559"]
[BlackElo "2760"]
[PlyCount "76"]
[EventDate "2016.02.11"]
[EventType "tourn (rapid)"]
[EventRounds "6"]
[EventCountry "BRA"]
[SourceTitle "EXT 2018"]
[Source "ChessBase"]
[SourceDate "2017.10.13"]
[SourceVersion "1"]
[SourceVersionDate "2017.10.13"]
[SourceQuality "1"]
[TimeControl "40/5400+30:1800+30"]

1. e4 c5 2. Nf3 d6 3. d4 cxd4 4. Nxd4 Nf6 5. Nc3 a6 6. Be3 e6 7. f3 b5 8. a3 {
Les alternatives Qd2 et g4 semblent un peu meilleures} (8. Qd2 Nbd7 9. g4 h6
10. O-O-O b4 11. Nce2 Qc7 12. h4 d5 13. Bf4 e5 14. Bh2 dxe4 15. g5 hxg5 16.
hxg5 Rxh2 17. Rxh2 exd4 18. Rh4 Ng4 19. Rxg4 Nc5 20. Rh4 d3 21. Nd4 Bb7 22. Rh8
O-O-O 23. g6 fxg6 24. fxe4 Bxe4 25. Nb3 Nxb3+ 26. axb3 Be7 27. Bxd3 Rxh8 28.
Bxe4 Rd8 29. Qe3 Rxd1+ 30. Kxd1 Qc5 31. Qxc5+ Bxc5 {1/2-1/2 (33) Leko,P (2707)
-Giri,A (2798) Baku 2015}) (8. g4 h6) 8... h5 $5 {La nouveauté a-t-elle été
trouvée devant l'échiquier à l'inspiration?} 9. Qd2 Nbd7 10. O-O-O {[%csl
Ra3] Il est difficile de jouer l'attaqua anglaise sans le ooo mais la poussée
a3 est assez affaiblissante} Bb7 11. Kb1 Rc8 $132 12. h3 $6 $146 (12. h4 Be7
13. Rh3 O-O 14. Rg3 Kh7 15. Bg5 Re8 16. Bd3 Kh8 17. Bh6 Bf8 18. Be3 Kg8 19. Nb3
Qc7 20. Bh6 Kh8 21. Be3 Be7 22. Bf4 Red8 23. Nd4 Bf8 24. Nde2 Ne5 25. Bg5 d5
26. exd5 Bxd5 27. Bf4 Bc4 28. Qe3 Bd6 29. Rg5 Nxd3 30. cxd3 Bb3 31. Rc1 Kg8 32.
Bxd6 Qxd6 33. Nf4 Re8 34. Qe5 Qxe5 35. Rxe5 g6 36. Nce2 Kg7 37. Rxc8 Rxc8 38.
Nd4 Bd5 39. b4 Bb7 40. Nb3 Nd5 41. Nxd5 Bxd5 {Larsen,S (2498)-Ljubicic,L (2649)
ICCF email 2011 0-1 (68)}) 12... h4 $1 {[%csl Rg2,Rg3] Sans la possibilité de
jouer g4, les Blancs sont privés de contre-jeu et la partie a basculé} 13.
Bd3 Ne5 14. Rhe1 Be7 $17 15. Bg5 Nc4 16. Bxc4 Rxc4 17. Nb3 Rh5 18. Bxf6 gxf6
19. Qe3 Qc7 20. Rd3 a5 21. Qd2 b4 22. axb4 Rxb4 23. Na2 Rb6 24. Rd1 a4 25. Nd4
Ba6 26. Ra3 Qb7 27. c3 d5 28. Rxa4 dxe4 29. fxe4 Qxe4+ 30. Qc2 Bb7 31. Rd2
Qxc2+ 32. Kxc2 f5 33. Nf3 Be4+ 34. Kd1 Bg5 35. Re2 Rd6+ 36. Ke1 Bf4 37. Nd4
Bg3+ 38. Kf1 e5 0-1

[Event "Festa da Uva quad"]
[Site "Caxias do Sul"]
[Date "2016.02.??"]
[Round "6"]
[White "Topalov, Veselin"]
[Black "Mekhitarian, Krikor Sevag"]
[Result "1-0"]
[WhiteElo "2760"]
[BlackElo "2559"]
[PlyCount "67"]
[EventDate "2016.02.11"]
[EventType "tourn (rapid)"]
[EventRounds "6"]
[EventCountry "BRA"]
[SourceTitle "EXT 2018"]
[Source "ChessBase"]
[SourceDate "2017.10.13"]
[SourceVersion "1"]
[SourceVersionDate "2017.10.13"]
[SourceQuality "1"]
[TimeControl "40/5400+30:1800+30"]

1. d4 Nf6 2. c4 e6 3. Nf3 d5 4. Nc3 Bb4 5. Bg5 h6 6. Bxf6 Qxf6 7. Qa4+ Nc6 8.
e3 O-O 9. cxd5 exd5 10. Be2 Be6 11. a3 (11. O-O a6 12. Rfc1 Bd6 13. Qd1 Ne7 14.
a3 Rfd8 15. b4 Nc8 16. Na4 b6 17. Nb2 Ne7 18. Nd3 Ng6 19. a4 a5 20. b5 Re8 21.
Rc3 Bf5 22. Rac1 Rad8 23. Nd2 Rd7 24. g3 Nf8 25. Bg4 Nh7 26. Bxf5 Qxf5 27. Qf3
Qg5 28. h4 Qe7 29. Rc6 Nf6 30. Nf4 g6 31. h5 Kg7 32. hxg6 fxg6 33. Nxd5 Nxd5
34. Qxd5 Bxg3 35. Qg2 Bd6 36. Nc4 Rf8 37. Ne5 Bxe5 38. Qxg6+ Kh8 39. Qxh6+ Kg8
40. dxe5 Qxe5 {Carlsen,M (2862)-Aronian,L (2797) Wijk aan Zee 2015 1-0}) 11...
Bd6 12. Nb5 Bg4 13. Rc1 a6 14. Nxd6 Qxd6 15. Qc2 Rac8 16. Ng5 hxg5 17. Bxg4
Rce8 18. O-O g6 19. Qc5 Rd8 20. Qxd6 $146 (20. Be2 Rfe8 21. Rfd1 Re6 22. b4 Rd7
23. b5 Ne7 24. bxa6 bxa6 25. a4 Nf5 26. a5 Qe7 27. Qxe7 Rdxe7 28. Rc5 Rd7 29.
Bd3 Ng7 30. Rb1 f5 31. Rb7 Ne8 32. g4 f4 33. exf4 gxf4 34. Kg2 Rdd6 35. h4 Rf6
36. Kf3 Rf7 37. Rb8 Rf8 38. Ra8 Ng7 39. Rxa6 Ne6 40. Rxd6 Nxd4+ 41. Kg2 cxd6
42. Rxd5 f3+ 43. Kh2 Rf4 44. Rxd6 {1-0 (44) Chatalbashev,B (2581)-Sedlak,N 
(2605) Rijeka 2007}) 20... Rxd6 21. Rc5 Re8 22. Bf3 Red8 23. Rfc1 Kf8 24. Be2
Ra8 25. b4 $16 {[%csl Rc6,Rc7] Transposant dans une structure de variante
d'échange du gambit dame ou le Nc6 est trés mal placé} Ke7 26. h3 Ke6 27.
Bd1 $1 {[%cal Gd1b3]} (27. Bf3 $5) 27... Kd7 $6 28. Bb3 Rc8 29. Bxd5 {Après
le gain du P, l'avantage est facile à convertir} Nd8 30. Bb3 f6 31. Ba4+ c6
32. d5 b5 33. Bb3 Rb8 34. g4 1-0